00527nam a2200169Ia 4500008004100000020001900041040001900060041001200079082002900091100002400120245006000144260004100204300002300245504005000268650002900318850001000347131103s9999 xx 000 0 und d aSBN 0195624904 aLoreto College aEnglish a954.02//STRbLCLIB/36915 aStreuand,Douglas E. 4aThe formation of the Mughal empirecDouglas E.Streusand aDelhibOxford University Pressc1989 ax,206 p. c 21 cm. aIncludes index and bibliographical references aHistory - Medieval India aLCLIB